000 00272nam a22001097a 4500
008 160422b xxu||||| |||| 00| 0 eng d
020 _a0721658067
041 _aeng
080 _a618.2
245 _aMedical surgical nursing:
_cJoan Luckmann; Karen Creason;
942 _2udc
_cBK
999 _c1515
_d1515